Normal view
MARC view
- الراعي، زياد خليل
Entry Personal Name
001 - CONTROL NUMBER
- control field: 45881
003 - CONTROL NUMBER IDENTIFIER
- control field: JO-AjAnu
005 - DATE AND TIME OF LATEST TRANSACTION
- control field: 20230606081603.0
008 - FIXED-LENGTH DATA ELEMENTS
- fixed length control field: 230606|| aca||aabn | a|a d
040 ## - CATALOGING SOURCE
- Original cataloging agency: JO-AjAnu
- Transcribing agency: JO-AjAnu
100 ## - HEADING--PERSONAL NAME
- Personal name: الراعي، زياد خليل
670 ## - SOURCE DATA FOUND
- Source citation: Work cat.: (JO-AjAnu)23488: الراعي، زياد خليل, author, المحاسبة المتقدمة ج1: محاسبة دمج الشركات وعمليات العملات الاجنبية